| 000 | 00384nam a22001577a 4500 | ||
|---|---|---|---|
| 005 | 20230608190132.0 | ||
| 008 | 230608b |||||||| |||| 00| 0 eng d | ||
| 020 | _a9781591396703 | ||
| 082 |
_a384.33 _bAUS-T |
||
| 100 | _aAutin Robert D | ||
| 245 | _aThe Broadband Explosion | ||
| 260 |
_aIndia _c2005 |
||
| 650 | _aEngineering | ||
| 700 | _aThe Broadband Explosion | ||
| 999 |
_c18685 _d18685 |
||